|
|
|
|
| LEADER |
01608nam a2200409 i 4500 |
| 001 |
EBC2008385 |
| 003 |
MiAaPQ |
| 005 |
20200520144314.0 |
| 006 |
m o d | |
| 007 |
cr cnu|||||||| |
| 008 |
150428t20142014it ob 000 0 ita d |
| 020 |
|
|
|a 9788834848043
|q (electronic bk.)
|
| 035 |
|
|
|a (MiAaPQ)EBC2008385
|
| 035 |
|
|
|a (Au-PeEL)EBL2008385
|
| 035 |
|
|
|a (CaPaEBR)ebr11043831
|
| 035 |
|
|
|a (OCoLC)908100789
|
| 040 |
|
|
|a MiAaPQ
|b eng
|e rda
|e pn
|c MiAaPQ
|d MiAaPQ
|
| 050 |
|
4 |
|a HD58.8
|b .A433 2014
|
| 082 |
0 |
|
|a 658.406
|2 23
|
| 100 |
1 |
|
|a Albano, Roberto,
|e author.
|
| 245 |
1 |
0 |
|a Organizzazione :
|b parole chiave per l'analisi e la ricerca /
|c Roberto Albano, Ylenia Curzi, Tommaso Maria Fabbri.
|
| 264 |
|
1 |
|a Turin, [Italy] :
|b G. Giappichelli Editore,
|c 2014.
|
| 264 |
|
4 |
|c 2014
|
| 300 |
|
|
|a 1 online resource (105 pages)
|
| 336 |
|
|
|a text
|2 rdacontent
|
| 337 |
|
|
|a computer
|2 rdamedia
|
| 338 |
|
|
|a online resource
|2 rdacarrier
|
| 504 |
|
|
|a Includes bibliographical references at the end of each chapters.
|
| 588 |
|
|
|a Description based on online resource; title from PDF cover (ebrary, viewed April 28, 2015).
|
| 590 |
|
|
|a Electronic reproduction. Ann Arbor, MI : ProQuest, 2015. Available via World Wide Web. Access may be limited to ProQuest affiliated libraries.
|
| 650 |
|
0 |
|a Organizational change.
|
| 650 |
|
0 |
|a Organization.
|
| 655 |
|
4 |
|a Electronic books.
|
| 700 |
1 |
|
|a Curzi, Ylenia,
|e author.
|
| 700 |
1 |
|
|a Fabbri, Tommaso Maria,
|e author.
|
| 797 |
2 |
|
|a ProQuest (Firm)
|
| 856 |
4 |
0 |
|u https://ebookcentral.proquest.com/lib/matrademy/detail.action?docID=2008385
|z Click to View
|